Productivity digest (Singapore)

محفوظ في:
التفاصيل البيبلوغرافية
مؤلف مشترك: National Productivity Board and National Productivity Association
التنسيق: كتاب
اللغة:Undetermined
منشور في: Singapore National Productivity Board and National Productivity Association 1986
الموضوعات:
الوسوم: إضافة وسم
لا توجد وسوم, كن أول من يضع وسما على هذه التسجيلة!
Thư viện lưu trữ: Trung tâm Học liệu Trường Đại học Cần Thơ
LEADER 00650nam a2200181Ia 4500
001 CTU_94200
008 210402s9999 xx 000 0 und d
082 |a 658 
082 |b N277 
110 |a National Productivity Board and National Productivity Association 
245 0 |a Productivity digest (Singapore) 
245 0 |c National Productivity Board and National Productivity Association 
260 |a Singapore 
260 |b National Productivity Board and National Productivity Association 
260 |c 1986 
650 |a National productivity association (singapore) 
904 |i Giang 
980 |a Trung tâm Học liệu Trường Đại học Cần Thơ